Statystyki dla Quiz o Stanach Zjednoczonych

Kliknij tutaj aby rozwiązać quiz!

Ogólne statystyki

  • Ten quiz został rozwiązany 14 540 razy
  • Średni wynik to 13 z 24

Statystyki odpowiedzi

WskazówkaOdpowiedź% Poprawnych
Państwa graniczące z USAKanada
99%
Państwa graniczące z USAMeksyk
98%
StolicaWaszyngton
98%
Cztery największe miasta według ludnościNowy Jork
90%
Liczba stanów50
88%
Cztery największe miasta według ludnościLos Angeles
77%
Zwierzę narodoweBielik amerykański
76%
Stan położony w całości na wyspachHawaje
74%
Największy stan według powierzchniAlaska
69%
Pierwsza osoba na księżycuNeil Armstrong
66%
Cztery największe miasta według ludnościChicago
57%
Wojna, która spowodowała śmierć największej
liczby Amerykanów
Wojna secesyjna
57%
Najdłuższa rzekaMissisipi / Missouri
53%
Główne partie polityczneDemokratyczna
51%
Główne partie polityczneRepublikańska
50%
Lokalizacja, gdzie zarejestrowano
najgorętszą temperaturę
Dolina Śmierci
35%
Najmniejszy stan według powierzchniRhode Island
33%
Najbardziej utytułowany olimpijczykMichael Phelps
28%
Najwyższa góraDenali
24%
Cztery największe miasta według ludnościHouston
20%
Największe jezioro, które dotyka terytorium USAJezioro Górne
20%
Główny autor Deklaracji niepodległościThomas Jefferson
13%
Hymn narodowyThe Star-Spangled
Banner
9%
Termin, którym nazwano 10 pierwszych zmian
w konstytucji
Karta praw
4%

Rozkład punktacji

Percentyl według liczby udzielonych odpowiedzi

Procent ludzi z każdym wynikiem

Twoja historia wyników

Nie rozwiązałeś tego quizu